[Event "SVK-ch U10 Girls"]
[Site "Lubovna"]
[Date "2013.04.13"]
[Round "9"]
[White "Taragelova, Martina"]
[Black "Nemergutova, Veronika"]
[Result "1-0"]
[WhiteElo "1057"]
[BlackElo "1000"]
[PlyCount "43"]
[EventDate "2013.04.06"]
[EventType "tourn"]
[EventRounds "9"]
[EventCountry "SVK"]
[SourceTitle "CBM 153 Extra"]
[Source "ChessBase"]
[SourceDate "2013.04.22"]
[SourceVersion "1"]
[SourceVersionDate "2013.04.22"]
[SourceQuality "1"]

1. e4 e5 2. Nf3 Nc6 3. Bc4 Nd4 4. Nxd4 Nf6 5. Nf3 d6 6. Nc3 Be7 7. 0-0 0-0 8. d4 Be6 9. Bb3 Bxb3 10. axb3 c5 11. dxe5 Ng4 12. exd6 Bxd6 13. g3 Nf6 14. e5 Ne8 15. exd6 Nxd6 16. Bf4 Qc8 17. Qd3 g6 18. Qxd6 Re8 19. Qf6 Kf8 20. Ng5 Kg8 21. Qxf7+ Kh8 22. Qxh7# 1-0